000
00273nam a2200097Ia 4500
008
220120s9999||||xx |||||||||||||| ||und||
100
_a
Gaonkar, Ramesh, S
245
0
_a
Microprocessor architecture
260
_a
Penram international publishing
_b
Bangalooru
_c
1999
300
_b
0
999
_c
137300
_d
137300